Macroeconomics : aggregate theory and policy

Αποθηκεύτηκε σε:
Λεπτομέρειες βιβλιογραφικής εγγραφής
Κύριος συγγραφέας: Weiher, Kenneth E. (Kenneth Edward) 1949-
Μορφή: Βιβλίο
Γλώσσα:English
Δημοσίευση: St. Paul : West Pub. Co., c1986
Θέματα:
Ετικέτες: Προσθήκη ετικέτας
Δεν υπάρχουν, Καταχωρήστε ετικέτα πρώτοι!

MARC

LEADER 00000cam a2200000 i 4500
001 1/30763
008 950809s1986 eng d
020 |a 0314853081  |c $23.17 
035 |l 10023459 
040 |a GR-MY-UA  |b gre  |e aacr 
041 0 |a eng 
082 0 |a 339  |2 (19) 
100 1 |a Weiher, Kenneth E.  |c (Kenneth Edward)  |d 1949- 
245 1 0 |a Macroeconomics :  |b aggregate theory and policy /  |c Kenneth Weiher 
260 |a St. Paul :   |b West Pub. Co.,   |c c1986 
300 |a xxiv, 593 p.;  |b ill.;  |c 26 cm 
504 |a Includes bibliographies and index 
650 0 0 |a Macroeconomics. 
852 |a INST  |b CHIOS  |e 19950809  |h 339 WEI  |p 005200001282  |q 005200001282  |t BK  |y 0 
909 |a Χ  |b 013403